| 000 | 00916nas a2200325 4500 | ||
|---|---|---|---|
| 001 | BR9200175 | ||
| 003 | BR-BrBNA | ||
| 005 | 20231205092225.0 | ||
| 007 | ta | ||
| 008 | 230509b bl.|||p| |||| 00| 00por d | ||
| 040 |
_aBR-BrBNA _bpor _cBiblioteca Nacional de Agricultura |
||
| 041 | _a(Pt) | ||
| 072 | _aF04 | ||
| 100 | 1 | _aMatiello, J.B. | |
| 100 | 1 | _aViana, A.S. | |
| 100 | 1 | _aFlorence, M.L.D. | |
| 100 | 1 | _aGarcia, A.W.R. | |
| 100 | 1 | _aPinheiro, M.R. | |
| 100 | 1 | _aAviles, D.P. | |
| 245 | 1 | _aNiveis de adubacao NPK em cafeeiros mundo novo e catuai, com 1 e 2 mudas por cova | |
| 650 | _aCAFE NOVO MUNDO | ||
| 650 | _aCAFE CATUAI | ||
| 650 | _aADUBACAO | ||
| 650 | _aNPK | ||
| 650 | _aRIO DE JANEIRO | ||
| 650 | _aMINAS GERAIS | ||
| 773 | 0 |
_tCafeicultura Moderna (Brazil) _x _g(Sep-Oct 1988), v. 1(3) p. 12-15 _wBR9200175 |
|
| 909 |
_a202311 _bLúcia _c55 _dLúcia Elande |
||
| 942 |
_2AGRIS _n0 _cANA |
||
| 999 |
_c130203 _d130203 |
||